000 01863cam a2200397 a 4500
999 _c24088
_d24088
001 14653766
003 OSt
005 20170127162022.0
008 061201s2007 ctua b 001 0 eng
010 _a 2006100423
015 _aGBA6A5758
_2bnb
016 7 _a013629099
_2Uk
020 _a0300123426
020 _a9780300123425
035 _a(OCoLC)ocm76902016
035 _a(OCoLC)76902016
_z(OCoLC)77256434
040 _aDLC
_cDLC
_dBAKER
_dBTCTA
_dUKM
_dYDXCP
_dC#P
_dIXA
_dDLC
043 _ae-it---
050 0 0 _aN6921.F7
_bR468 2007
082 0 0 _a709.45/51024
_222
100 1 _aRubin, Patricia Lee,
_d1951-
245 1 0 _aImages and identity in fifteenth-century Florence /
_cPatricia Lee Rubin.
260 _aNew Haven :
_bYale University Press,
_cc2007.
300 _axxiii, 418 p. :
_bill. (some col.) ;
_c27 cm.
504 _aIncludes bibliographical references (p. [366]-400) and index.
650 0 _aArt, Italian
_zItaly
_zFlorence
_y15th century.
650 0 _aArt, Renaissance
_zItaly
_zFlorence.
650 0 _aArt and society
_zItaly
_zFlorence
_xHistory
_y15th century.
650 0 _aArt patronage
_zItaly
_zFlorence
_xHistory
_y15th century.
650 0 _aVisual perception
_xHistory
_y15th century.
856 4 1 _3Table of contents only
_uhttp://www.loc.gov/catdir/toc/ecip076/2006100423.html
856 4 2 _3Contributor biographical information
_uhttp://www.loc.gov/catdir/enhancements/fy0704/2006100423-b.html
856 4 2 _3Publisher description
_uhttp://www.loc.gov/catdir/enhancements/fy0704/2006100423-d.html
906 _a7
_bcbc
_corignew
_d1
_eecip
_f20
_gy-gencatlg
942 _2lcc
_cBOOKS
_hN 6921 .F7R468 2007